000 00691nam a22002297a 4500
003 UA-OsUOA
001 47208
007 ta
008 20070713b un ||||| |||| 00| 0 ukr d
100 _aА.М. Медведєва
090 _a81,374,2-111
_bА11
942 _cBK
040 _aUA-OsUOA
_bukr
_cUA-OsUOA
_dUA-OsUOA
245 _aАнгло-українсько-російський словник усталених виразів
300 _a493 с.
955 _a2
041 _aukr
080 _a81,374,2-111
260 _aК.
_c1992
650 7 _a8 Мовознавство. Художня література. Літературознавство
_2UDC
999 _c333309
_d333309